| 000 | 00394nam a2200145Ia 4500 | ||
|---|---|---|---|
| 008 | 210210b1965 xxu||||| |||| 00| 0 eng d | ||
| 082 | _a324.2092 PADT | ||
| 100 | _aPADOVER (Saul K). | ||
| 245 | _aThomas Jefferson and the foundations of American freedom. | ||
| 260 |
_aNY _bFawcett Publications _c1965 |
||
| 300 | _a160 | ||
| 650 | _aThomas Jefferson | ||
| 690 | _aBiography | ||
| 906 | _a029114 | ||
| 999 |
_c80340 _d80340 |
||